Central Library OPAC University of Rajshahi

The case-book of Sherlock Holmes / (Record no. 82740)

MARC details
000 -LEADER
fixed length control field 00664nam a2200217 a 4500
003 - CONTROL NUMBER IDENTIFIER
rucl marc code BD-RjUL
005 - DATE AND TIME OF LATEST TRANSACTION
control field 20240123122225.0
008 - FIXED-LENGTH DATA ELEMENTS--GENERAL INFORMATION
fixed length control field 000207s19621951enk 00011 eng d
035 ## - SYSTEM CONTROL NUMBER
System control number (BD-RjUL)
040 ## - CATALOGING SOURCE
Original cataloging agency ANL
Language of cataloging eng
Modifying agency ANL
Transcribing agency BD-RjUL
041 ## - LANGUAGE CODE
Language code of text/sound track or separate title eng
082 0# - DEWEY DECIMAL CLASSIFICATION NUMBER
Classification number 823.912
Edition number 20
Author mark and year DOC 1962
100 1# - MAIN ENTRY--PERSONAL NAME
Personal name Doyle, Arthur Conan,
Dates associated with a name 1859-1930.
9 (RLIN) 10926
245 14 - TITLE STATEMENT
Title The case-book of Sherlock Holmes /
Statement of responsibility, etc. Sir Arthur Conan Doyle.
260 ## - PUBLICATION, DISTRIBUTION, ETC. (IMPRINT)
Place of publication, distribution, etc. Harmondsworth, Eng. :
Name of publisher, distributor, etc. Penguin Books,
Date of publication, distribution, etc. 1951.[reprinted1962]
300 ## - PHYSICAL DESCRIPTION
Pagination 254 p. ;
Size 18 cm.
490 1# - SERIES STATEMENT
Series statement Penguin books ;
Volume/sequential designation 805
500 ## - GENERAL NOTE
General note First published 1927
830 #0 - SERIES ADDED ENTRY--UNIFORM TITLE
Uniform title Penguin books ;
Volume number/sequential designation 805.
942 ## - ADDED ENTRY ELEMENTS (KOHA)
Source of classification or shelving scheme Dewey Decimal Classification
Koha item type Books
Holdings
Lost status Source of classification or shelving scheme Damaged status Not for loan Collection code Permanent Location Current Location Shelving location Date acquired Total Checkouts Full call number Date last seen Copy number Koha item type
  Dewey Decimal Classification   Not For Loan Fiction Central Library, University of Rajshahi Central Library, University of Rajshahi Reading Room 23/01/2024   823.912 DOC 1962 23/01/2024 C-1 Books